Things tumble into place / (Record no. 32365)
[ view plain ]
| 000 -LEADER | |
|---|---|
| fixed length control field | 00729nam a22002417a 4500 |
| 008 - FIXED-LENGTH DATA ELEMENTS--GENERAL INFORMATION | |
| fixed length control field | 250620b |||||||| |||| 00| 0 eng d |
| 017 ## - LEGAL DEPOSIT NUMBER | |
| Legal deposit number | LD.0300 |
| 018 ## - LEGAL DEPOSIT YEAR | |
| LDD Year | 2025 |
| 020 ## - INTERNATIONAL STANDARD BOOK NUMBER | |
| ISBN | 9789785712254 |
| 040 ## - CATALOGING SOURCE | |
| Original cataloging agency | NLN |
| Language of cataloging | English |
| Description conventions | AACR2 |
| 100 ## - MAIN ENTRY--AUTHOR | |
| Author | AINA-CRAIG, Bunmi |
| Relator term | aut |
| 245 ## - TITLE STATEMENT | |
| Title | Things tumble into place / |
| Statement of responsibility, etc | Bunmi Aina-Craig |
| 260 ## - PUBLICATION, DISTRIBUTION, ETC. (IMPRINT) | |
| Place of publication | Makurdi, Benue State (43, New Bridge Otukpo Road P.O.Box 4957) : |
| Name of publisher | Gwatex Publishers, |
| Date of publication | 2020 |
| 300 ## - COLLATION | |
| Pagination | vi, 245p. ; |
| Other physical details | 19cm. |
| 563 ## - BINDING INFORMATION | |
| Binding note | (pbk.) |
| 650 ## - TRACINGS | |
| Main Subject | Nigerian fiction (English) |
| 650 ## - TRACINGS | |
| Main Subject | Nigerian literature (English) |
| 856 ## - ELECTRONIC LOCATION AND ACCESS | |
| URL | www.gwatexpublishers.com |
| 942 ## - ADDED ENTRY ELEMENTS (KOHA) | |
| Item type | Books |
| Suppress in OPAC | No |
| 050 ## - LIBRARY OF CONGRESS CALL NUMBER | |
| Classification number | PR9387.9.A295 |
| Item number | T443 |
| 082 ## - DEWEY DECIMAL CLASSIFICATION NUMBER | |
| Classification number | 823 |
| Source of classification or shelving scheme | Not for loan | Home library | Current library | Date acquired | Mode of acquisition | Accession No. | Full call number | Barcode. | Copy number | Koha item type |
|---|---|---|---|---|---|---|---|---|---|---|
| Library of Congress Classification | ABAKALIKI BRANCH | National Library of Nigeria | 20/06/2025 | Legal deposit | 451920 | PR9387.9.A295 T443 | 451920 | 1 | Books | |
| Library of Congress Classification | LAFIA BRANCH | National Library of Nigeria | 20/06/2025 | Legal deposit | 451918 | PR9387.9.A295 T443 | 451918 | 1 | Books | |
| Library of Congress Classification | MAKURDI BRANCH LIBRARY | National Library of Nigeria | 20/06/2025 | Legal deposit | 451919 | PR9387.9.A295 T443 | 451919 | 1 | Books |
